000 00731nam a2200253Ia 4500
003 OSt
005 20220927110304.0
006 a|||||r|||| 00| 0
007 ta
008 220926b |||||||| |||| 00| 0 eng d
024 _a65842
037 _cReference Collections
040 _aRTL
_cRTL
_beng
041 _2eng
_aeng
082 _a"X655, P0"
111 _aUnited Nations Conference on Trade and Development
245 0 _aTransfer of funds
260 _aNew
_bYork United Nations U. S. A.
_c2000
300 _a69p. Bibliography p.53
_ccm.
490 _aIssues in International Investment Agreements
650 _aForeign Investment
942 _h"X655, P0"
_cCC
999 _c695502
_d695502